| 000 | 01773cam a2200325 i 4500 | ||
|---|---|---|---|
| 003 | SA-RiAUC | ||
| 005 | 20250610102428.0 | ||
| 008 | 250604s1984 su o f 000r0 ara c | ||
| 040 |
_aSA-RiKSU _bara _cSA-RiAUC _erda |
||
| 041 | 1 |
_aara _hund |
|
| 043 |
_aa-su---- _an-us--- |
||
| 050 | 4 | _b.U63 1984 | |
| 082 | 0 | 4 |
_a327.531073 _qSA-RiAUC |
| 090 |
_a327.531073 _b ع ق ب |
||
| 100 | 1 |
_aالعقبي، أحمد حسين يحيى، _d1358 هجري- _eمؤلف. |
|
| 245 | 1 | 0 |
_aأسرار لقاء الملك عبد العزيز والرئيس روزفلت مع دراسة موجزة لتاريخ العلاقات الأمريكية السعودية في الحقبة السابقة للاجتماع / _cإعداد وترجمة أحمد حسين العقبي. |
| 250 | _aالطبعة الأولى. | ||
| 264 | 1 |
_aجدة، السعودية : _bأحمد حسين العقبي، _c1984 |
|
| 300 |
_a175 صفحة : _bصور ؛ _c25 سم |
||
| 336 |
_aنص _btxt _2rdacontent _3كتاب |
||
| 337 |
_aبدون وسيط _bn _2rdamedia |
||
| 338 |
_aمجلد _bnc _2rdacarrier |
||
| 500 | _aترجمة لكتاب روزفلت يجتمع بابن سعود / تأليف وليم أ. إيدي. | ||
| 651 | 7 |
_aالسعودية _xعلاقات خارجية _zالولايات المتحدة الأمريكية _yعبد العزيز بن عبد الرحمن، 1319-1373 هجري. _2aucsh |
|
| 651 | 7 |
_aالولايات المتحدة الأمريكية _xعلاقات خارجية _zالسعودية _yفرانكلين روزفلت، 1933-1945 _2aucsh |
|
| 700 | 1 | 2 |
_aإيدي، وليام أ.، _d1896-1962 _tروزفلت يجتمع بابن سعود. |
| 740 | 0 | 2 | _aروزفلت يجتمع بابن سعود. |
| 942 |
_2ddc _cBOOK _n0 |
||
| 949 |
_aSA-JeALM _d250604 _umohamedma123 _n1 |
||
| 999 |
_c8788 _d8788 |
||